Ten Most 'Obscure' Nations in the world - Statistics

General Stats
  • This quiz has been taken 87 times
  • The average score is 6 of 10
Answer Stats
Rank Answer % Correct
3 Nauru
88%
7 Palau
82%
4 Tuvalu
78%
6 Vanuatu
69%
1 Kiribati
68%
5 East Timor
59%
2 Comoros
57%
8 Djibouti
42%
10 Suriname
34%
9 Burkina Faso
28%
No matching quizzes found
Score Distribution
Percent of People with Each Score
Percentile by Number Answered
Your Score History
You have not taken this quiz